Dictionary of economics / (Record no. 100707)

MARC details
000 -LEADER
fixed length control field 00748cam a22002654a 4500
008 - FIXED-LENGTH DATA ELEMENTS--GENERAL INFORMATION
fixed length control field
020 ## - INTERNATIONAL STANDARD BOOK NUMBER
International Standard Book Number 1861970730 (pbk.)
050 00 - LIBRARY OF CONGRESS CALL NUMBER
Classification number REF HB61
Item number BAN
003 - CONTROL NUMBER IDENTIFIER
control field
005 - DATE AND TIME OF LATEST TRANSACTION
control field 20230120191419.0
040 ## - CATALOGING SOURCE
Transcribing agency NUST
049 ## - LOCAL HOLDINGS (OCLC)
Holding library MAIN
100 1# - MAIN ENTRY--PERSONAL NAME
Personal name Bannock, Graham.
245 10 - TITLE STATEMENT
Title Dictionary of economics /
Statement of responsibility, etc. Graham Bannock, R.E. Baxter, and Evan Davis.
250 ## - EDITION STATEMENT
Edition statement 4th ed.
260 ## - PUBLICATION, DISTRIBUTION, ETC.
Place of publication, distribution, etc. Princeton, N.J. :
Name of publisher, distributor, etc. Bloomberg Press,
Date of publication, distribution, etc. c2003.
300 ## - PHYSICAL DESCRIPTION
Extent v, 410 p. :
Other physical details ill. ;
Dimensions 23 cm.
440 #4 - SERIES STATEMENT/ADDED ENTRY--TITLE
Title The Economist series
500 ## - GENERAL NOTE
General note "The Economist."
650 #0 - SUBJECT ADDED ENTRY--TOPICAL TERM
Topical term or geographic name entry element Economics
Form subdivision Dictionaries.
700 1# - ADDED ENTRY--PERSONAL NAME
Personal name Baxter, R.E.
700 1# - ADDED ENTRY--PERSONAL NAME
Personal name Davis, Evan.
907 ## - LOCAL DATA ELEMENT G, LDG (RLIN)
a .b10197291
b 17-09-12
c 30-03-06
942 ## - ADDED ENTRY ELEMENTS (KOHA)
Koha item type Ordinary Loan Books
Holdings
Date last seen Total Checkouts Full call number Barcode Cost, replacement price Price effective from Koha item type Lost status Source of classification or shelving scheme Damaged status Not for loan Collection Withdrawn status Home library Current library Shelving location Date acquired Cost, normal purchase price
01/20/2023   REF HB61 BAN 92003021092 80.00 01/20/2023 REF   LCC     NFIC   MAIN MAIN GEN 01/20/2023 80.00